|
|
|
|
| LEADER |
00636cam a2200205 7i4500 |
| 001 |
0000010832 |
| 005 |
20151104090000.0 |
| 005 |
##20151104112400.0 |
| 003 |
##MY-KlINT |
| 020 |
# |
# |
|a 9781906465117
|
| 039 |
# |
9 |
|y 201511041124
|z VLOAD
|
| 090 |
0 |
0 |
|a 152.46
|b ESP
|
| 100 |
1 |
# |
|a Esposito, Janet E
|
| 245 |
1 |
0 |
|a In the spotlight :
|b overcoming your fear of public speaking and performing /
|c Janet E. Esposito.
|
| 260 |
# |
# |
|a Chichester, UK:
|b Capstone Publishing,
|c c2008.
|
| 300 |
# |
# |
|a xii, 155p;
|c 23cm.
|
| 650 |
# |
0 |
|a Performance anxiety
|
| 650 |
# |
0 |
|a Speech anxiety
|
| 650 |
# |
0 |
|a Stage fright
|
| 999 |
|
|
|a 0000063986
|b BOOK
|c Main Non-Fiction
|e INTAN BK
|